000 00276nam a22001217a 4500
008 171010b xxu||||| |||| 00| 0 eng d
041 _aeng
080 _a316
100 _a50
101 _aSOC
245 _aRESEARCH METHODS IN SOCIAL RELATIONS
_cSELLTIZ, C
942 _2udc
_cBK
999 _c32779
_d32779